| 000 | 00913nam a2200241Ia 4500 | ||
|---|---|---|---|
| 003 | OSt | ||
| 005 | 20221005105039.0 | ||
| 006 | a|||||r|||| 00| 0 | ||
| 007 | ta | ||
| 008 | 221004b |||||||| |||| 00| 0 hin d | ||
| 024 | _a30032 | ||
| 037 | _cTextual | ||
| 040 |
_aCRL _cCRL _bhin |
||
| 041 |
_2hin _ahin |
||
| 082 | _aX:71, 152M7 | ||
| 100 | _aपंडित, विश्वनाथ | ||
| 245 | 0 | _aअािर्थक प्रणालियॉं एवं व्यष्टि अर्थशास्त्र | |
| 246 | _aAāirthak praṇāliyaॉan evan vyaṣhṭi arthashāstra | ||
| 260 |
_aदिल्ली _bहिंदी माध्यम कार्यान्वय निदेशालय भारत _c1984 |
||
| 300 |
_a600पृ. _ccm. |
||
| 942 |
_hX:71, 152M7 _cTEXL _2cc |
||
| 999 |
_c1014576 _d1014576 |
||